01004 2200337 4500001002100000005001500021035002000036007000300056008004100059020002200100040002200122082001400144084001600158090002000174090002200194100003200216245011800248250002600366300004900392650001000441650001100451700002700462850001200489041000800501504003100509264003000540336002100570337003000591338002300621990002200644INLIS00000000084601720190422030228 a0010-0419000876ta190416t2018 yoia g ind d a978-979-29-5949-9 aYOPDYOGbinderda04223a382.5 a382.5 HER s aDEP 382.5 HER s aCB-D.11 2018-15760 aHerman Budi Sasonoepenulis10a100++ soal & jawaban ekspor-impor-interinsuler dalam angka /cpenulis, Herman Budi Sasono; editor, Giovanny Rizky aCetakan pertama, 2018 axi, 430 halaman :bilustrasi, tabel ;c30 cm 4aImpor 4aEkspor0 aGiovanny Rizkyeeditor aYOPDYOG0 aind aBibliografi: halaman [403]31aYogyakarta :bAndi,c2018 2rdacontentateks 2rdamediaatanpa perantara 2rdacarrieravolume aCB-D.11/2018-1576